| 000 | 00851cam a2200217 4500 | ||
|---|---|---|---|
| 001 | X103030 | ||
| 008 | 000000n1999 000 0 eng u | ||
| 035 | _a(Sirsi) u103030 | ||
| 100 | _aRaeside, L. | ||
| 245 | _aLand reform: proposals for legislation | ||
| 260 | _c1999 | ||
| 490 |
_aProperty Law _v(42) November 1999, 1-4 (4) |
||
| 520 | _aRICS in Scotland response to the land reform proposals from the Scottish Parliament, in particular the community right to buy and the right of access to the countryside. Expresses serious concerns felt to some of the proposals and proposes that these two main issues should be dealt with under separate Bills | ||
| 650 | _aLAND REFORM | ||
| 650 | _aCOMMUNITY OWNERSHIP | ||
| 650 | _aACCESS TO THE COUNTRYSIDE | ||
| 650 | _aSCOTLAND | ||
| 650 | _aRIGHT TO BUY | ||
| 690 | _aPROPERTY | ||
| 942 | _n0 | ||
| 999 |
_c61914 _d61914 |
||